Fenomenología de la religión

Saved in:
Bibliografiske detaljer
Hovedforfatter: Widengren, Geo (Author)
Format: Bog
Sprog:spansk
Udgivet: Madrid Cristiandad 1976
Udgivelse:1a. ed
Serier:Biblioteca de Historia de las Religiones
Fag:
Tags: Tilføj Tag
Ingen Tags, Vær først til at tagge denne postø!

MARC

LEADER 00000cam a2200000 a 4500
001 UCW9608
003 CL-VaPUC
005 20241210125914.0
008 890524e19760000SP |||||||||||||||||spa|d
999 |c 221525  |d 221523 
020 |a 8470571001 
040 |c Pontificia Universidad Católica de Valparaíso 
082 0 4 |a 200.9  |b WID  |2 21 
100 0 |a Widengren, Geo  |e author  |9 314917 
245 1 0 |a Fenomenología de la religión 
250 |a 1a. ed 
260 |a Madrid  |b Cristiandad  |c 1976 
300 |a 628 p 
490 0 |a Biblioteca de Historia de las Religiones 
583 |a last modification  |c 20170530 05:20:16  |k Rodrigo Vera 
650 0 |a Historia de las religiones   |9 323406 
650 0 |a Religión   |9 858345  |x Filosofía   |x Mitología 
942 |c BK  |2 ddc 
945 |d 19890524 00:00:00 
952 |0 0  |1 2  |4 0  |6 200_900000000000000_WID_1976  |7 0  |8 A  |9 214960  |a BIBTEO  |b BIBTEO  |d 2019-11-15  |i 2835282  |o 200.9 WID 1976  |p 2835282  |r 2019-11-15  |w 2019-11-15  |y BK  |k ICR 
952 |0 0  |1 0  |3 erb  |4 0  |6 200_900000000000000_WID_1976  |7 0  |8 A  |9 214961  |a BIBTEO  |b BIBTEO  |i 5356377  |l 1  |o 200.9 WID 1976  |p 5356377  |r 2025-01-17  |s 2023-06-02  |w 2019-11-15  |y BK  |z Catalogado en:20161216  |k ICR